000 00463nam a2200145Ia 4500
008 231129s2011||||xx |||||||||||||| ||spa||
020 _a978-958-717-089-4
040 _bspa
082 _aCo863.08 T147t
100 _aTalleres de crónica memorias del agua en Bogotá
245 0 _aTalleres de crónica memorias del agua en Bogotá: Antologí­a
260 _c2011
264 _aAlcaldí­a Mayor de Bogotá
942 _2ddc
_cBKS
999 _c24981
_d24981